Umění prezentace jak přesvědčivě, srozumitelně a působivě prezentovat
Saved in:
| Main Author: | |
|---|---|
| Other Authors: | |
| Format: | Book |
| Language: | Czech |
| Published: |
Praha
GRADA
2004
|
| Series: | Poradce pro praxi
|
| Subjects: | |
| Tags: |
No Tags, Be the first to tag this record!
|
MARC
| LEADER | 00000nam$a2200000$$$4500 | ||
|---|---|---|---|
| 001 | 0071258 | ||
| 005 | 20240315114735.5 | ||
| 020 | |a 80-247-9057-2 | ||
| 041 | 0 | |a cze | |
| 044 | |a CZ | ||
| 245 | 1 | 0 | |a Umění prezentace |b jak přesvědčivě, srozumitelně a působivě prezentovat |c Claudia Nöllke ; překlad: Petr Kunst |
| 264 | 1 | |a Praha |b GRADA |c 2004 | |
| 300 | |a 111 s. | ||
| 490 | 1 | |a Poradce pro praxi | |
| 830 | 0 | |a Poradce pro praxi | |
| 610 | 2 | 0 | |a prezentácia firemná |
| 610 | 2 | 0 | |a propagácia |
| 610 | 2 | 0 | |a reklama |
| 610 | 2 | 0 | |a firmy |
| 610 | 2 | 0 | |a rétorika |
| 610 | 2 | 0 | |a prednášatelia |
| 610 | 2 | 0 | |a predaj |
| 610 | 2 | 0 | |a rozhovor |
| 610 | 2 | 0 | |a zákazníci |
| 610 | 2 | 0 | |a komunikácia |
| 610 | 2 | 0 | |a poradenstvo |
| 100 | 1 | |a Nöllke, Claudia | |
| 700 | 1 | |a Kunst, Petr | |